Microsoft SQL Server 2000 toàn tập

שמור ב:
מידע ביבליוגרפי
מחבר ראשי: Trần, Văn Tư (Tác giả)
מחברים אחרים: Nguyễn, Ngọc Tuấn (Tác giả)
פורמט: ספר
שפה:Vietnamese
יצא לאור: TP. Hồ Chí Minh Thống Kê 2001
נושאים:
תגים: הוספת תג
אין תגיות, היה/י הראשונ/ה לתייג את הרשומה!
Thư viện lưu trữ: Mạng thư viện Đại học Đà Nẵng
LEADER 01243nam a22003498a 4500
001 000012966
003 9292
005 20120306070320.0
008 120305s2001 b 000 0 vieod
020 |c 0đ  |d 1000b 
041 0 |a vie 
080 |a 6T7.3-018.2 
082 |a 005.3  |b TR-T 
084 |a F973.202  |b H250B 
100 0 |a Trần, Văn Tư  |e Tác giả 
245 1 0 |a Microsoft SQL Server 2000  |b toàn tập  |c Trần Văn Tư, Nguyễn Ngọc Tuấn và nhóm kỹ sư tin học ứng dụng 
260 |a TP. Hồ Chí Minh  |b Thống Kê  |c 2001 
300 |a 782 tr  |b hình vẽ  |c 24cm 
653 |a giáo trình thực hành  |a Microsoft SQL Server 2000 
700 1 |a Trần, Văn Tư  |e Tác giả 
700 1 |a Nguyễn, Ngọc Tuấn  |e Tác giả 
910 |a Nguyễn, Thị Lê Na 
OWN |a LSP 
AVA |a UDN50  |b LSP  |d 005.3 TR-T  |e available  |t Error 5001 Not defined in file expand_doc_bib_avail.  |f 5  |g 0  |h N  |i 0  |k 1 
999 |a From the UDN01 
AVA |a UDN50  |b LSP  |d 005.3 TR-T  |e available  |t Error 5001 Not defined in file expand_doc_bib_avail.  |f 5  |g 0  |h N  |i 0  |k 1 
TYP |a Monograph 
TYP |a Printed language 
980 |a Mạng thư viện Đại học Đà Nẵng